000 00546nam a22001577a 4500
008 240305b |||||||| |||| 00| 0 eng d
020 _a0313295689.
050 _aHC106.7.C34 1995
100 _aCampangna S, Anthony
_952497
245 _aeconimic policy in the carter Administration.
_cAnthony S.Campagna
260 _aLondon:
_bGreen Press
_c1995.
300 _axv,
_b218p;
_c24cm.
650 _aUnited States
_veconomic policy
_y1971-1981.
_952498
650 _aUnited States
_vpolitics and government
_y1977-1981.
_952499
942 _2lcc
_cMONOGRAPH
999 _c131818
_d131818